000 00569cam a2200157 4500500
005 20251012032209.0
041 _afre
042 _adc
100 1 0 _aLaamanen, Ville
_eauthor
700 1 0 _a Clerc, Louis
_eauthor
245 0 0 _aLa course de l’amitié en Baltique, 1986-1989 : quand le peloton traversa le Rideau de fer
260 _c2011.
500 _a46
786 0 _nRevue d'histoire nordique | 13 | 3 | 2011-09-26 | p. 127-136 | 1778-9605
856 4 1 _uhttps://shs.cairn.info/revue-revue-d-histoire-nordique-2011-3-page-127?lang=fr&redirect-ssocas=7080
999 _c1546891
_d1546891